LEADER 00944nam--2200325---450- 001 990006070090203316 005 20150908154701.0 010 $a978-1-107-40358-1 035 $a000607009 035 $aUSA01000607009 035 $a(ALEPH)000607009USA01 035 $a000607009 100 $a20150908d2011----km-y0itay50------ba 101 $aeng 102 $aGB 105 $a||||||||001yy 200 1 $aApollo, Augustus and the poets$fJohn F. Miller 210 $aCambridge [etc.]$cCambridge university press$d2011 215 $aXI, 408 p.$d23 cm 606 0 $aPoesia latina$xTemi [:] Apollo$2BNCF 676 $a871.01093829207 700 1$aMILLER,$bJohn F.$014660 801 0$aIT$bsalbc$gISBD 912 $a990006070090203316 951 $aV.3.B. 575$b250332 L.M.$cV.3.B.$d00345602 959 $aBK 969 $aUMA 979 $aCHIARA$b90$c20150908$lUSA01$h1547 996 $aApollo, Augustus and the poets$91518755 997 $aUNISA